| 000 | 00771nam a2200229Ia 4500 | ||
|---|---|---|---|
| 005 | 20240518101703.0 | ||
| 008 | 210716s2016 xx 000 0 und d | ||
| 020 | _a9789351508632 | ||
| 040 | _cAIMIT LIBRARY | ||
| 041 | _aeng | ||
| 082 |
_a374.22 _21 _bNATG |
||
| 100 |
_aNatarajan, Ganesh. _9166006 |
||
| 245 |
_aFrom start up to global success : _bthe zensar story. _cForeword by Ganesh Natarajan and Prameela Kalie. |
||
| 250 | _a1st ed. | ||
| 260 |
_aNew Delhi : _bSage Publications , _c2016. |
||
| 300 |
_axviii,258p. ; _bPB _c21.5 cm |
||
| 650 |
_aThinking vertically _9166007 |
||
| 650 |
_aVision for a digital world _9166008 |
||
| 650 |
_aToward a billion dollar zensar _9166009 |
||
| 700 |
_aKalive, Prameela. _9166010 |
||
| 942 |
_2ddc _cBK _e1st _k374.22 NATG |
||
| 999 |
_c210624 _d210624 |
||